Gaming Quiz

Random Gaming or Video Games Quiz

Who Did I Type? (Original Pokémon) Quiz Stats

 Plays Quiz not verified by Sporcle

Challenge
Share
Tweet
Score 0/20 Timer 08:00
3 Plays Today
% Correct
Jynx
98.2%
Abra
78.9%
Seel
75.1%
Ekans
63.6%
Zubat
62.7%
Gloom
55%
Ditto
53.7%
Rhydon
48.8%
Weedle
46.3%
Pikachu
38.2%
% Correct
Jolteon
33.5%
Alakazam
32.2%
Meowth
31.3%
Gengar
30.1%
Gyarados
29.5%
Blastoise
26.2%
Charizard
25.9%
Ivysaur
25.5%
Nidorino
25.4%
Sandslash
19.4%

You're not logged in!

Compare scores with friends on all Sporcle quizzes.
Join for Free
OR
Log In

You Might Also Like...

Show Comments

Extras

Top Quizzes Today


Score Distribution

Your Account Isn't Verified!

In order to create a playlist on Sporcle, you need to verify the email address you used during registration. Go to your Sporcle Settings to finish the process.

Report this User

Report this user for behavior that violates our Community Guidelines.

Details: